| 000 | 00337nam a2200109Ia 4500 | ||
|---|---|---|---|
| 008 | 190902s9999||||xx |||||||||||||| ||und|| | ||
| 100 | _aShaubai Tehqeek w Maraja | ||
| 245 | 0 | _aSeerat-un-Nabi (P.B.U.H.) Conference 2015 Maqalaat Seerat (Mard Maqala Nigar) | |
| 260 |
_aIslamabad _bGovernment of Pakistan _c784 |
||
| 300 | _a2015 | ||
| 942 | _cBK | ||
| 999 |
_c2909 _d2909 |
||